000 00370nam a22001577a 4500
003 MPLRDC
005 20220104123455.0
008 210129b ||||| |||| 00| 0 eng d
082 _a424 LHZ
100 _a梁惠珠编著
245 _a创造你的整体美
_c
260 _a
_b新风文化事业公司
_c
300 _b
650 _a美容
942 _cBK
_o424 LHZ
999 _c11706
_d11696